[Event "Thessaloniki Vardaris op 3rd"]
[Site "Thessaloniki"]
[Date "2017.02.27"]
[Round "7"]
[White "Beliotis, Georgios"]
[Black "Kondou, Eva"]
[Result "0-1"]
[WhiteElo "2096"]
[BlackElo "2168"]
[PlyCount "90"]
[EventDate "2017.02.23"]
[EventType "swiss"]
[EventRounds "7"]
[EventCountry "GRE"]
[SourceTitle "CBM 177 Extra"]
[Source "ChessBase"]
[SourceDate "2017.04.27"]
[SourceVersion "1"]
[SourceVersionDate "2017.04.27"]
[SourceQuality "1"]

1. e4 c5 2. Nf3 Nc6 3. d4 cxd4 4. Nxd4 g6 5. c4 Bg7 6. Be3 Nf6 7. Nc3 Ng4 8. Qxg4 Nxd4 9. Qd1 Ne6 10. Rc1 Qa5 11. Bd3 g5 12. 0-0 b6 13. Bd2 Qe5 14. Nd5 Qd6 15. b4 Bb7 16. c5 bxc5 17. bxc5 Qc6 18. Be3 h5 19. Qb3 Rd8 20. Bb5 Qc8 21. Qa3 Bc6 22. Ba6 Qa8 23. Rfd1 Kf8 24. Rb1 Be5 25. Nxe7 Kxe7 26. Bb7 Qb8 27. Bxc6 dxc6 28. g3 Rxd1+ 29. Rxd1 Rd8 30. Rxd8 Kxd8 31. Qa4 Qb7 32. Kg2 g4 33. h3 gxh3+ 34. Kxh3 Qd7 35. Kg2 Bd4 36. Bxd4 Nxd4 37. Qd1 Ne6 38. Qxh5 Qe7 39. f4 Nxc5 40. e5 Nd3 41. Qh8+ Kc7 42. Qg7 Qe6 43. a3 c5 44. Qh7 Qd5+ 45. Kh2 Ne1 0-1

[Event "Anogia op 1st"]
[Site "Anogia"]
[Date "2012.08.03"]
[Round "7"]
[White "Kondou, Eva"]
[Black "Frendzas, Panayotis"]
[Result "1/2-1/2"]
[WhiteElo "2192"]
[BlackElo "2374"]
[PlyCount "20"]
[EventDate "2012.07.30"]
[EventType "swiss"]
[EventRounds "7"]
[EventCountry "GRE"]
[SourceTitle "EXT 2013"]
[Source "ChessBase"]
[SourceDate "2012.11.22"]
[SourceVersion "1"]
[SourceVersionDate "2012.11.22"]
[SourceQuality "1"]

1. e4 e5 2. Nf3 Nc6 3. Bc4 Nf6 4. d3 Be7 5. 0-0 0-0 6. c3 d6 7. h3 Bd7 8. Re1 Na5 9. Nbd2 Nxc4 10. Nxc4 Be6 1/2-1/2

[Event "Anogia op 1st"]
[Site "Anogia"]
[Date "2012.07.30"]
[Round "1"]
[White "Kondou, Eva"]
[Black "Fasoulas, Emmanouil"]
[Result "1-0"]
[WhiteElo "2192"]
[BlackElo "1360"]
[PlyCount "59"]
[EventDate "2012.07.30"]
[EventType "swiss"]
[EventRounds "7"]
[EventCountry "GRE"]
[SourceTitle "EXT 2013"]
[Source "ChessBase"]
[SourceDate "2012.11.22"]
[SourceVersion "1"]
[SourceVersionDate "2012.11.22"]
[SourceQuality "1"]

1. e4 e5 2. Nf3 Nc6 3. Bb5 Nf6 4. 0-0 Be7 5. d3 0-0 6. Bxc6 bxc6 7. Nxe5 Bb7 8. Nc3 d5 9. Bf4 Bd6 10. Nxf7 Rxf7 11. Bg5 Qe8 12. Bxf6 Rxf6 13. g3 d4 14. Ne2 c5 15. f4 Rh6 16. Rf2 Qg6 17. b3 Rf8 18. Qd2 Rh4 19. Rg2 Rh3 20. Rf1 Qh5 21. Rgf2 Qg4 22. Kg2 h5 23. Ng1 Rh4 24. h3 Qg6 25. Kh2 Rg4 26. hxg4 Qxg4 27. Qe2 Qg6 28. Nf3 Qf6 29. e5 Bxe5 30. Qxe5 1-0

[Event "GRE-ch (Women)"]
[Site "Aspropyrgos"]
[Date "2003.12.06"]
[Round "8"]
[White "Ikonomopoulou, Maria"]
[Black "Kondou, Eva"]
[Result "1-0"]
[WhiteElo "2039"]
[BlackElo "2183"]
[PlyCount "103"]
[EventDate "2003.11.29"]
[EventType "tourn"]
[EventRounds "9"]
[EventCountry "GRE"]
[SourceTitle "CBM 097 Extra"]
[Source "ChessBase"]
[SourceDate "2004.01.13"]
[SourceVersion "1"]
[SourceVersionDate "2004.01.13"]
[SourceQuality "1"]

1. e4 c5 2. Nf3 Nc6 3. Bb5 e6 4. b3 Nge7 5. Bb2 a6 6. Be2 d5 7. exd5 Nxd5 8. 0-0 Nf4 9. Nc3 Be7 10. Ne4 f5 11. Ng3 Bf6 12. c3 b6 13. Re1 0-0 14. d4 Nxe2+ 15. Nxe2 c4 16. Nf4 Qd6 17. Qc1 Be7 18. Qe3 Re8 19. Rad1 cxb3 20. axb3 Na5 21. c4 Bf6 22. c5 Qd8 23. Ba3 bxc5 24. dxc5 Qe7 25. Rd6 Nb7 26. Rb6 Nd8 27. b4 Bb7 28. c6 Bc8 29. b5 Qa7 30. Bc5 axb5 31. Rxb5 Qa4 32. Reb1 Nxc6 33. Nd5 Ra5 34. Rxa5 Qxa5 35. Nxf6+ gxf6 36. Bb6 Qa2 37. Rc1 Bb7 38. Qh6 Qb2 39. Be3 Rd8 40. h3 Qa3 41. Bc5 Qb2 42. Re1 Qc3 43. Rc1 Qb2 44. Re1 Bc8 45. Qh4 Kg7 46. Qg3+ Kh8 47. Qc7 Qb7 48. Qxb7 Bxb7 49. Rxe6 Kg7 50. Nh4 Kf7 51. Re3 Rd5 52. Ba3 1-0

[Event "GRE-ch (Women)"]
[Site "Aspropyrgos"]
[Date "2003.12.04"]
[Round "6"]
[White "Sperdokli, Elli"]
[Black "Kondou, Eva"]
[Result "0-1"]
[WhiteElo "2101"]
[BlackElo "2183"]
[PlyCount "88"]
[EventDate "2003.11.29"]
[EventType "tourn"]
[EventRounds "9"]
[EventCountry "GRE"]
[SourceTitle "CBM 097 Extra"]
[Source "ChessBase"]
[SourceDate "2004.01.13"]
[SourceVersion "1"]
[SourceVersionDate "2004.01.13"]
[SourceQuality "1"]

1. e4 c5 2. Nf3 Nc6 3. Bb5 d6 4. c3 Bd7 5. d4 Nf6 6. Qe2 cxd4 7. cxd4 Qb6 8. Nc3 a6 9. Ba4 Nxd4 10. Bxd7+ Nxd7 11. Nxd4 Qxd4 12. Be3 Qb4 13. 0-0 e6 14. a3 Qa5 15. b4 Qd8 16. f4 Be7 17. f5 0-0 18. fxe6 fxe6 19. Qg4 Rxf1+ 20. Rxf1 Nf8 21. Ne2 Bf6 22. Nf4 Qe7 23. Nh5 Nd7 24. Nxf6+ Nxf6 25. Qh4 Rf8 26. e5 Nd5 27. Qxe7 Nxe7 28. exd6 Nd5 29. Bg5 Rxf1+ 30. Kxf1 Nb6 31. Ke2 Kf7 32. Bd8 Nc4 33. Bc7 Ke8 34. a4 Kd7 35. Kd3 Nxd6 36. Bb6 Kc6 37. Bd4 g6 38. g4 Kd5 39. Bf2 Nc4 40. h3 Nb2+ 41. Kc2 Nxa4 42. Kb3 b5 43. h4 Ke4 44. g5 Kf3 0-1

[Event "GRE-ch (Women)"]
[Site "Aspropyrgos"]
[Date "2003.12.03"]
[Round "5"]
[White "Kondou, Eva"]
[Black "Petraki, Maria"]
[Result "1-0"]
[WhiteElo "2183"]
[BlackElo "2119"]
[PlyCount "99"]
[EventDate "2003.11.29"]
[EventType "tourn"]
[EventRounds "9"]
[EventCountry "GRE"]
[SourceTitle "CBM 097 Extra"]
[Source "ChessBase"]
[SourceDate "2004.01.13"]
[SourceVersion "1"]
[SourceVersionDate "2004.01.13"]
[SourceQuality "1"]

1. c4 e5 2. Nc3 Bb4 3. d3 Bxc3+ 4. bxc3 d6 5. g3 f5 6. Bg2 Nf6 7. a4 0-0 8. a5 c6 9. e3 e4 10. d4 Be6 11. Qb3 Qc7 12. Nh3 c5 13. Nf4 Bc8 14. Bf1 Nc6 15. Qa3 Ne7 16. h4 g6 17. Be2 Bd7 18. 0-0 Rfc8 19. Rd1 h6 20. dxc5 dxc5 21. Nd5 Nexd5 22. cxd5 c4 23. Qe7 Rf8 24. Ba3 Rac8 25. Bd6 Qd8 26. Qxd8 Rfxd8 27. Be7 Rf8 28. Bxf8 Kxf8 29. Rab1 Ba4 30. Rd4 Bb3 31. d6 Nd7 32. f3 Nc5 33. Bxc4 Bc2 34. Rb5 Ba4 35. Rb4 Bd7 36. fxe4 Nxe4 37. Rxb7 Ke8 38. Bf7+ Kd8 39. c4 Nxg3 40. Rxa7 Ne2+ 41. Kf2 Nxd4 42. exd4 g5 43. hxg5 hxg5 44. Bd5 Rb8 45. Ra8 Rxa8 46. Bxa8 Bc8 47. Bc6 Ba6 48. Bb5 Bb7 49. a6 Ba8 50. d5 1-0

[Event "GRE-ch (Women)"]
[Site "Aspropyrgos"]
[Date "2003.12.01"]
[Round "3"]
[White "Kondou, Eva"]
[Black "Papadopoulou, Vera"]
[Result "1/2-1/2"]
[WhiteElo "2183"]
[BlackElo "2245"]
[PlyCount "54"]
[EventDate "2003.11.29"]
[EventType "tourn"]
[EventRounds "9"]
[EventCountry "GRE"]
[SourceTitle "CBM 097 Extra"]
[Source "ChessBase"]
[SourceDate "2004.01.13"]
[SourceVersion "1"]
[SourceVersionDate "2004.01.13"]
[SourceQuality "1"]

1. e4 c5 2. b4 b6 3. bxc5 bxc5 4. Nf3 Nc6 5. Bc4 e6 6. Nc3 Be7 7. Qe2 Rb8 8. 0-0 d6 9. e5 d5 10. Bb5 Bd7 11. Bxc6 Bxc6 12. d4 c4 13. Bf4 Ba3 14. Rab1 Bb4 15. Bd2 Ne7 16. a3 Bxa3 17. Ra1 Bb2 18. Rxa7 0-0 19. Nd1 c3 20. Nxb2 cxb2 21. Rb1 Bb5 22. Qe1 Bc4 23. Bc3 Nc6 24. Ra4 Qd7 25. Ra3 Qe7 26. Ra4 Qd7 27. Ra3 Qe7 1/2-1/2

[Event "GRE-ch (Women)"]
[Site "Aspropyrgos"]
[Date "2003.11.30"]
[Round "2"]
[White "Stefanidi, Maria Anna"]
[Black "Kondou, Eva"]
[Result "0-1"]
[WhiteElo "2142"]
[BlackElo "2183"]
[PlyCount "54"]
[EventDate "2003.11.29"]
[EventType "tourn"]
[EventRounds "9"]
[EventCountry "GRE"]
[SourceTitle "CBM 097 Extra"]
[Source "ChessBase"]
[SourceDate "2004.01.13"]
[SourceVersion "1"]
[SourceVersionDate "2004.01.13"]
[SourceQuality "1"]

1. e4 c5 2. Nf3 Nc6 3. d4 cxd4 4. Nxd4 g6 5. Nxc6 bxc6 6. Bd3 Bg7 7. 0-0 Nf6 8. Nc3 0-0 9. Kh1 d6 10. Qe2 Qb6 11. a4 a5 12. Bd2 Nd7 13. f4 Nc5 14. Bc4 e6 15. e5 dxe5 16. fxe5 Nd7 17. Rf4 Nxe5 18. Bb3 Ba6 19. Qe4 c5 20. Rh4 c4 21. Bh6 Bb7 22. Qe2 Bxh6 23. Rxh6 Qd4 24. Ba2 Ng4 25. Nb5 Qxb2 26. Qe1 Qxc2 27. Qf1 Ne3 0-1

[Event "GRE-ch (Women)"]
[Site "Athens"]
[Date "2001.??.??"]
[Round "3"]
[White "Kondou, Eva"]
[Black "Makropoulou, Marina"]
[Result "0-1"]
[WhiteElo "2177"]
[BlackElo "2315"]
[PlyCount "178"]
[EventDate "2001.??.??"]
[EventType "tourn"]
[EventRounds "9"]
[EventCountry "GRE"]
[SourceTitle "EXT 2003"]
[Source "ChessBase"]
[SourceDate "2002.11.25"]
[SourceVersion "1"]
[SourceVersionDate "2002.11.25"]
[SourceQuality "1"]

1. Nf3 d5 2. g3 c6 3. Bg2 Bg4 4. 0-0 Nd7 5. d3 Ngf6 6. b3 e5 7. Bb2 Qc7 8. c4 dxc4 9. bxc4 h6 10. Nbd2 Be7 11. Qc2 0-0 12. e3 Rfe8 13. d4 exd4 14. Nxd4 Nc5 15. f3 Bh5 16. Nf5 Bg6 17. Nxe7+ Qxe7 18. e4 Rad8 19. Nb3 b6 20. Rad1 Nxb3 21. axb3 Qc5+ 22. Qf2 Nd7 23. Bd4 Qe7 24. Rfe1 f6 25. Bh3 c5 26. Bc3 Ne5 27. Qe3 Bh5 28. g4 Bf7 29. f4 Nc6 30. Bg2 Rxd1 31. Rxd1 Rd8 32. Rxd8+ Qxd8 33. e5 Qd1+ 34. Kf2 Nd4 35. Bxd4 cxd4 36. Qe2 Qxb3 37. exf6 gxf6 38. Bd5 Bxd5 39. Qe8+ Kg7 40. cxd5 Qxd5 41. Qe7+ Qf7 42. Qd6 Qa2+ 43. Kg3 Qb3+ 44. Kh4 Qe3 45. Qd7+ Kf8 46. Qd8+ Kf7 47. Qd7+ Qe7 48. Qxd4 Kg6 49. Kg3 Kf7 50. h4 Qc7 51. Qd5+ Kg7 52. g5 hxg5 53. hxg5 fxg5 54. Qxg5+ Kf8 55. Qf6+ Qf7 56. Qd8+ Kg7 57. Qd4+ Kh7 58. Kh4 Qe7+ 59. Kh3 Qe6+ 60. Kg3 a5 61. Kf2 Kg6 62. Kg3 Kf7 63. Kf3 Qh3+ 64. Kf2 Qh4+ 65. Kf3 Qh5+ 66. Kg3 Qg6+ 67. Kf2 Qc2+ 68. Kg3 Qc6 69. Qe5 a4 70. Qf5+ Ke8 71. Qh5+ Kd8 72. Qh8+ Kc7 73. Qh7+ Qd7 74. Qc2+ Kb8 75. Qc3 b5 76. Qe5+ Kb7 77. Qc5 Qd3+ 78. Kh4 a3 79. Qe7+ Kc8 80. Qc5+ Kd7 81. Qa7+ Ke6 82. f5+ Kf6 83. Qa6+ Kxf5 84. Qc8+ Ke4 85. Qg4+ Ke3 86. Qg5+ Kd4 87. Qg1+ Kc4 88. Qg8+ Kc3 89. Kh5 Qe2+ 0-1

[Event "GRE-ch (Women)"]
[Site "Athens"]
[Date "2001.??.??"]
[Round "5"]
[White "Kondou, Eva"]
[Black "Sperdokli, Elli"]
[Result "0-1"]
[WhiteElo "2177"]
[BlackElo "2111"]
[PlyCount "131"]
[EventDate "2001.??.??"]
[EventType "tourn"]
[EventRounds "9"]
[EventCountry "GRE"]
[SourceTitle "EXT 2003"]
[Source "ChessBase"]
[SourceDate "2002.11.25"]
[SourceVersion "1"]
[SourceVersionDate "2002.11.25"]
[SourceQuality "1"]

1. c4 f5 2. Nc3 Nf6 3. g3 g6 4. Bg2 Bg7 5. d3 d6 6. e3 Nc6 7. Nge2 e5 8. Rb1 a5 9. 0-0 0-0 10. b3 Bd7 11. Ba3 b6 12. Nb5 Rb8 13. Rc1 Ne7 14. Qc2 Bc6 15. Bxc6 Nxc6 16. d4 e4 17. Nf4 Re8 18. Nd5 Rb7 19. Rfd1 Na7 20. Nxf6+ Qxf6 21. c5 Nxb5 22. Qc4+ Qf7 23. Qxb5 Bf8 24. Qc6 Rbb8 25. cxb6 cxb6 26. d5 Red8 27. Bb2 Bg7 28. Bxg7 Qxg7 29. Qc7 Qxc7 30. Rxc7 b5 31. Rdc1 b4 32. Ra7 Rdc8 33. Rxc8+ Rxc8 34. Rxa5 Rc1+ 35. Kg2 Rc5 36. Ra8+ Kf7 37. Rb8 Ra5 38. Rxb4 Rxa2 39. Rb7+ Kf6 40. Rxh7 Ra5 41. Rc7 Rb5 42. Rc3 Ke5 43. Kh3 Rxd5 44. Rc2 Rb5 45. Rb2 g5 46. Kg2 f4 47. Kh3 Kf5 48. exf4 gxf4 49. Kh4 f3 50. b4 Rb8 51. g4+ Kf4 52. Kh5 Rb5+ 53. Kg6 Kxg4 54. Kf6 d5 55. Ke5 Kh3 56. Kd6 d4 57. Kc6 Re5 58. Kd6 Re8 59. Kd7 Rb8 60. Kc7 Rf8 61. Rb3 Kxh2 62. b5 Kg2 63. Rb2 Kf1 64. b6 e3 65. fxe3 dxe3 66. b7 0-1

[Event "GRE-ch (Women)"]
[Site "Athens"]
[Date "1999.??.??"]
[Round "4"]
[White "Kondou, Eva"]
[Black "Korou, Laskarina"]
[Result "1-0"]
[WhiteElo "2174"]
[BlackElo "2072"]
[PlyCount "49"]
[EventDate "1999.??.??"]
[EventType "tourn"]
[EventRounds "9"]
[EventCountry "GRE"]
[SourceTitle "EXT 2001"]
[Source "ChessBase"]
[SourceDate "2000.11.22"]
[SourceVersion "1"]
[SourceVersionDate "2000.11.22"]
[SourceQuality "1"]

1. e4 d5 2. e5 c5 3. g3 Nc6 4. f4 e6 5. d3 d4 6. Bg2 Nge7 7. Nd2 Nd5 8. Ne4 Be7 9. Qe2 0-0 10. Nh3 f6 11. exf6 Nxf6 12. 0-0 Qc7 13. Bd2 Bd7 14. Neg5 e5 15. f5 Rae8 16. Ne4 Nd8 17. Nxf6+ Bxf6 18. Bd5+ Kh8 19. Qh5 Bc6 20. Bb3 Qd6 21. g4 Bd5 22. g5 Be7 23. g6 h6 24. Bxh6 Bxb3 25. Bc1+ 1-0

[Event "GRE-ch (Women)"]
[Site "Volos"]
[Date "1996.??.??"]
[Round "8"]
[White "Kondou, Eva"]
[Black "Makropoulou, Marina"]
[Result "0-1"]
[WhiteElo "2260"]
[BlackElo "2250"]
[PlyCount "78"]
[EventDate "1996.??.??"]
[EventType "tourn"]
[EventRounds "11"]
[EventCountry "GRE"]
[SourceTitle "EXT 1997"]
[Source "ChessBase"]
[SourceDate "1996.11.15"]
[SourceVersion "1"]
[SourceVersionDate "1996.11.15"]
[SourceQuality "1"]

1. e4 e5 2. f4 d5 3. exd5 c6 4. Nc3 exf4 5. Nf3 Bd6 6. Bc4 Ne7 7. dxc6 Nbxc6 8. d4 0-0 9. 0-0 Bg4 10. Ne4 Rc8 11. Nxd6 Qxd6 12. Bd3 Bxf3 13. Rxf3 Qxd4+ 14. Kh1 Ng6 15. c3 Qe5 16. Qf1 Nce7 17. Bxf4 Nxf4 18. Rxf4 Ng6 19. Rf5 Qd6 20. Re1 f6 21. Rh5 Rc5 22. Bf5 b5 23. Rd1 Qe7 24. h3 Re5 25. Qf2 Re8 26. Qd4 Nf8 27. Bg4 Rxh5 28. Bxh5 g6 29. Bf3 Kg7 30. Bc6 Rb8 31. Qf4 Rb6 32. Bf3 Re6 33. Kh2 a6 34. a3 Nd7 35. Qc7 Ne5 36. Qxe7+ Rxe7 37. Bd5 Rd7 38. Kg3 Nc4 39. b3 Ne3 0-1

[Event "Ano Liosia op"]
[Site "Ano Liosia"]
[Date "1996.??.??"]
[Round "8"]
[White "Skembris, Spyridon"]
[Black "Kondou, Eva"]
[Result "1-0"]
[WhiteElo "2505"]
[BlackElo "2240"]
[PlyCount "95"]
[EventDate "1996.??.??"]
[EventType "swiss"]
[EventRounds "9"]
[EventCountry "GRE"]
[SourceTitle "CBM 051 Extra"]
[Source "ChessBase"]
[SourceDate "1996.05.01"]
[SourceVersion "1"]
[SourceVersionDate "1996.05.01"]
[SourceQuality "1"]

1. d4 Nf6 2. Bg5 d5 3. Bxf6 exf6 4. e3 Bf5 5. Bd3 Bxd3 6. Qxd3 c6 7. Nf3 Bd6 8. 0-0 0-0 9. Nbd2 Nd7 10. e4 dxe4 11. Nxe4 Bc7 12. Rad1 f5 13. Ng3 g6 14. d5 c5 15. d6 Ba5 16. Qb5 Rb8 17. c3 a6 18. Qd3 Rc8 19. Rfe1 Qf6 20. Qd5 Rc6 21. Re7 Rd8 22. Ng5 Nb6 23. Qxf7+ Qxf7 24. Nxf7 Rd7 25. Rde1 Kf8 26. Ne5 Rcxd6 27. Nxd7+ Rxd7 28. Rxd7 Nxd7 29. Nf1 Kf7 30. Ne3 Bc7 31. Nd5 Bd6 32. c4 Ne5 33. b3 Nd7 34. f4 Nf8 35. Kf2 Ne6 36. Ke3 Nd4 37. Kd3 Ne6 38. g3 Nd4 39. Re3 Ne6 40. a3 a5 41. Re1 h6 42. Rf1 Bf8 43. Rb1 Bd6 44. b4 axb4 45. axb4 cxb4 46. Nxb4 g5 47. Nd5 Nc5+ 48. Ke3 1-0

[Event "GRE-ch (Women)"]
[Site "Glyfada"]
[Date "1995.??.??"]
[Round "?"]
[White "Fakhiridou, Ekaterini"]
[Black "Kondou, Eva"]
[Result "0-1"]
[WhiteElo "2090"]
[BlackElo "2260"]
[PlyCount "90"]
[EventDate "1995.??.??"]
[EventType "tourn"]
[EventRounds "9"]
[EventCountry "GRE"]
[SourceTitle "EXT 2003"]
[Source "ChessBase"]
[SourceDate "2002.11.25"]
[SourceVersion "1"]
[SourceVersionDate "2002.11.25"]
[SourceQuality "1"]

1. e4 c5 2. Nc3 Nc6 3. g3 g6 4. Bg2 Bg7 5. d3 d6 6. Nf3 e5 7. Nd5 Be6 8. h4 Nf6 9. Ng5 Bd7 10. Bh3 h6 11. Nxf6+ Bxf6 12. Bxd7+ Qxd7 13. Nf3 d5 14. Be3 d4 15. Bd2 0-0-0 16. Qe2 Bg7 17. h5 Ne7 18. Nh2 Kb8 19. a3 Rc8 20. Ng4 f5 21. exf5 gxf5 22. Nxe5 Qd5 23. Nf3 Rhe8 24. 0-0 Ng8 25. Bf4+ Ka8 26. Qd1 Nf6 27. Nd2 Qf7 28. Nc4 Ng4 29. Qf3 Qxh5 30. Qg2 Re2 31. Na5 Qf7 32. Nc4 Bf8 33. a4 Rd8 34. a5 a6 35. Rac1 Ka7 36. Qf3 Qh5 37. Qg2 Rde8 38. c3 Ne3 39. Bxe3 dxe3 40. Qh1 exf2+ 41. Kg2 Qf7 42. Kh2 f4 43. Qf3 fxg3+ 44. Kxg3 Bd6+ 45. Nxd6 Rg8+ 0-1

[Event "Olympiad Women-31"]
[Site "Moscow"]
[Date "1994.12.15"]
[Round "13"]
[White "Kondou, Eva"]
[Black "De Kleuver, Esther"]
[Result "1-0"]
[WhiteElo "2230"]
[BlackElo "2160"]
[PlyCount "40"]
[EventDate "1994.12.01"]
[EventType "team-swiss"]
[EventRounds "14"]
[EventCountry "RUS"]
[SourceTitle "EXT 2019"]
[Source "ChessBase"]
[SourceDate "2018.10.10"]
[SourceVersion "1"]
[SourceVersionDate "2018.10.10"]
[SourceQuality "1"]
[WhiteTeam "Greece (W)"]
[BlackTeam "Netherlands (W)"]
[WhiteTeamCountry "GRE"]
[BlackTeamCountry "NED"]

1. e4 c5 2. Nf3 e6 3. d4 cxd4 4. Nxd4 Nc6 5. Nb5 d6 6. c4 Nf6 7. N5c3 b6 8. Be2 Bb7 9. 0-0 Nb8 10. f3 a6 11. Be3 Nbd7 12. Nd2 Be7 13. f4 0-0 14. Rf3 Qc7 15. Kh1 Rac8 16. Qe1 Rfe8 17. Qg3 Ba8 18. Re1 Nc5 19. Bxc5 Qxc5 20. e5 Nd7 1-0

[Event "Olympiad Women-31"]
[Site "Moscow"]
[Date "1994.12.12"]
[Round "11"]
[White "Parfenova, Olga"]
[Black "Kondou, Eva"]
[Result "0-1"]
[WhiteElo "2160"]
[BlackElo "2230"]
[PlyCount "84"]
[EventDate "1994.12.01"]
[EventType "team-swiss"]
[EventRounds "14"]
[EventCountry "RUS"]
[SourceTitle "EXT 2019"]
[Source "ChessBase"]
[SourceDate "2018.10.10"]
[SourceVersion "1"]
[SourceVersionDate "2018.10.10"]
[SourceQuality "1"]
[WhiteTeam "Uzbekistan (W)"]
[BlackTeam "Greece (W)"]
[WhiteTeamCountry "UZB"]
[BlackTeamCountry "GRE"]

1. e4 c5 2. Nf3 Nc6 3. d3 g6 4. g3 Bg7 5. Bg2 e5 6. 0-0 Nge7 7. c3 0-0 8. Be3 b6 9. Na3 d5 10. exd5 Nxd5 11. Bg5 f6 12. Bc1 Kh8 13. Re1 Nc7 14. Qa4 Bb7 15. Qc2 Qd7 16. Be3 Rae8 17. Rad1 f5 18. Nc4 Ne6 19. a4 Qc7 20. Bc1 Ned8 21. Re2 Nf7 22. Rde1 Rd8 23. Nh4 Qd7 24. Nf3 Ba6 25. Ng5 e4 26. Nxf7+ Qxf7 27. Rd2 Bxc4 28. dxc4 Qxc4 29. Red1 Rxd2 30. Qxd2 Ne5 31. Qc2 Bf6 32. Bf1 Qe6 33. Bf4 Nf3+ 34. Kg2 g5 35. Bc1 Be5 36. Be2 g4 37. Be3 f4 38. Bc1 Qh6 39. Bxf3 Qh3+ 40. Kh1 gxf3 41. Rg1 fxg3 42. fxg3 f2 0-1

[Event "Athens M/2"]
[Site "Athens"]
[Date "1994.??.??"]
[Round "?"]
[White "Kondou, Eva"]
[Black "Petraki, Maria"]
[Result "1/2-1/2"]
[WhiteElo "2200"]
[BlackElo "2040"]
[PlyCount "45"]
[EventDate "1994.??.??"]
[EventType "tourn"]
[EventRounds "10"]
[EventCountry "GRE"]
[SourceTitle "EXT 2003"]
[Source "ChessBase"]
[SourceDate "2002.11.25"]
[SourceVersion "1"]
[SourceVersionDate "2002.11.25"]
[SourceQuality "1"]

1. e4 e6 2. d4 d5 3. e5 c5 4. dxc5 Nc6 5. Nf3 Bxc5 6. Bd3 Nge7 7. Bf4 Qb6 8. 0-0 Ng6 9. Bg3 Bd7 10. Nbd2 0-0-0 11. Qc1 h5 12. h3 h4 13. Bh2 Rh5 14. Bxg6 fxg6 15. c3 Rf8 16. b4 Be7 17. Qc2 Rhf5 18. Qd3 Kb8 19. a4 Qd8 20. b5 Na5 21. Nd4 Bc5 22. Nxf5 gxf5 23. Bf4 1/2-1/2

[Event "Athens M/2"]
[Site "Athens"]
[Date "1994.??.??"]
[Round "?"]
[White "Tsomis, Dimitrios"]
[Black "Kondou, Eva"]
[Result "1/2-1/2"]
[WhiteElo "2280"]
[BlackElo "2200"]
[PlyCount "83"]
[EventDate "1994.??.??"]
[EventType "tourn"]
[EventRounds "10"]
[EventCountry "GRE"]
[SourceTitle "EXT 2003"]
[Source "ChessBase"]
[SourceDate "2002.11.25"]
[SourceVersion "1"]
[SourceVersionDate "2002.11.25"]
[SourceQuality "1"]

1. e4 c5 2. d4 cxd4 3. c3 d5 4. exd5 Qxd5 5. Nf3 Bg4 6. Be2 d3 7. Bxd3 Nc6 8. Be2 Qxd1+ 9. Bxd1 e5 10. Nbd2 Nf6 11. Ba4 0-0-0 12. 0-0 Nd7 13. Ng5 Bh5 14. Bb3 f6 15. Ne6 Re8 16. Nxf8 Rhxf8 17. Ne4 Kc7 18. Be3 Be2 19. Rfe1 Bd3 20. Nc5 Nxc5 21. Bxc5 Rh8 22. f3 b6 23. Bf2 Rd8 24. Rad1 Na5 25. Rd2 Bc4 26. Rxd8 Rxd8 27. Bxc4 Nxc4 28. b3 Na5 29. Re2 Rd3 30. Be1 Nc6 31. Kf2 b5 32. Rc2 f5 33. Ke2 e4 34. Bg3+ Kd7 35. fxe4 fxe4 36. Rd2 Rxd2+ 37. Kxd2 Ke6 38. Ke3 Kd5 39. Bc7 Ne5 40. Bxe5 Kxe5 41. g4 Kd5 42. h4 1/2-1/2